00778 2200301 4500001002100000005001500021007000300036008004100039020002200080035002000102040001700122041000800139082001000147084001600157090002200173100003100195245003600226250001200262264003200274300003400306336002100340337003000361338002300391650001000414850001000424990002100434990002100455INLIS00000000000813920260529075613ta260529 0  a978-602-1010-37-2 a0010-0922000628 aSBPUPADbind07aind a786.2 a786.2 MIR m a786.5 VAN t L23-70 aMirna IndriantiePengarang1 aMaster Piano /cMirna Indrianti a.-cet.1 a.--Jakarta :bE-Prim,c2015 a96 hlm :bilus. ;c14 x 21 cm 2rdacontentateks 2rdamediaatanpa perantara 2rdacarrieravolume 4aMusik aPUPAD a22.594/KAPD/2016 a22.595/KAPD/2016